| 000 | 01145nac a22003011i 4500 | ||
|---|---|---|---|
| 003 | EG-ScBUE | ||
| 005 | 20230810130658.0 | ||
| 008 | 120307t1989 enk f 001 0 eng d | ||
| 020 | _a0816019959 | ||
| 020 | _a9780816019953 | ||
| 040 |
_aEG-ScBUE _beng _erda _cEG-ScBUE _dEG-ScBUE |
||
| 082 | 0 | 4 |
_a911.24 _bATL _222 |
| 245 | 0 | 0 |
_aAtlas of the British empire / _cgeneral editor, Dr. Christopher Bayly ; introduction by professor Norman Stone. |
| 246 | 3 | 4 |
_aAtlas of the British empire : _bthe rise and fall of, the greatest empire, the world has ever known |
| 264 | 1 |
_aLondon : _bHamlyn Publishing Group, _c[1989] |
|
| 264 | 4 | _cc1989 | |
| 300 |
_a256 pages : _bmaps ; _c31 cm |
||
| 336 |
_2rdacontent _atext _btxt |
||
| 337 |
_2rdamedia _aunmediated _bn |
||
| 338 |
_2rdacarrier _avolume _bnc |
||
| 500 | _aIncludes index. | ||
| 650 | 7 |
_aWorld _xHistory _vatlases. _2BUEsh _929283 |
|
| 650 | 7 |
_aBritish Commonwealth of Nations _xHistory _vatlases. _2BUEsh _929284 |
|
| 655 | _vReading book | ||
| 700 | 1 |
_aBayly, C. A. _q(Christopher Alan) _eeditor. |
|
| 700 | 1 |
_aStone, Norman, _d1941-2019, _eintroduction of author. |
|
| 942 |
_cREFERENCE _2ddc |
||
| 999 |
_c7427 _d7427 |
||